| 000 | 01238cam a2200229 4500 | ||
|---|---|---|---|
| 001 | ##L131574 | ||
| 008 | 051116n2005 000 0 eng u | ||
| 020 | _a01107352234 | ||
| 035 | _a(Sirsi) u131574 | ||
| 041 | 0 | _aeng | |
| 050 | 0 | 4 | _a711.1 $2 18 |
| 245 | 0 | 4 | _aThe Town and Country Planning (General Permitted Development) (England) (Amendment) (No. 2) Order 2005 |
| 260 |
_aLondon _bTSO _c2005 |
||
| 490 | 0 |
_aSI _v2005: 2935 |
|
| 520 | _aRevises the Town and Country (General Permitted Development) Order 1995 with effect from 25 November 2005 in respect of the installation and siting of antennas including satellite dishes. The amended regulations take account of the expanding variety of antenna technology now available so that all types of microwave technology will be subject to the same permitted development regulations. | ||
| 590 | _aIKA221105 | ||
| 650 | 2 | 4 | _aTOWN AND COUNTRY PLANNING (GENERAL PERMITTED DEVELOPMENT) (ENGLAND) (AMENDMENT) (NO 2) ORDER 2005 |
| 650 | _aTOWN AND COUNTRY PLANNING (GENERAL PERMITTED DEVELOPMENT) ORDER 1995 | ||
| 690 |
_aPlanning and development _96259 |
||
| 856 | 4 | 0 |
_uhttps://www.opsi.gov.uk/si/si2005/20052935.htm _zView the Order free of charge at www.opsi.gov.uk... |
| 942 | _n0 | ||
| 999 |
_c104785 _d104785 |
||